01291nam a2200277 a 4500001001000000003000900010005001700019008004100036040002500077049000900102082001800111100003000129245008900159260006100248300003500309500005700344504003200401650006200433650006300495651006900558942001400627952012100641952011500762952012100877999001500998000006458DO-SdBNP20211124094743.0090831s2000 dr ac 000 0 spa d aDO-SdBNPbspacBNPHU aBNPD a306.42bL925p1 aLópez Reyes, Oscar975010aPerfil cultural de Barahona :bcostumbres, arte y literatura /cOscar López Reyes. aSanto Domingo :bPublicaciones del Banco Central,c2000. a215 p. :bil., retr. ;c24 cm. aIncluye datos biográficos del autor en las solapas aBibliografía : p. 211-215 4aBarahona, República DominicanaxVida intelectual917912 4aCiudades y pueblos 9784zRepública Dominicana, Barahona 4aBarahona, República DominicanaxVida social y costumbres 9782 2ddccLBS1 0010718DSaGRbGRcHDd2011-02-11iLF1l0o306.42 L925pp6458-30r2020-06-25te. 3w2020-06-25yLFDSZNo se presta 0010718PDaPDbPDcHDd2009-08-31iLF1l0o306.42 L925pp6458-10r2020-06-25w2020-06-25yLFPDZNo se presta 0010718PDaPDbPDcHDd2009-08-31iLF1l0o306.42 L925pp6458-20r2020-06-25te. 2w2020-06-25yLFPDZNo se presta c6251d6251